Revista de Derecho Procesal Penal. la verdad en el proceso penal / Tomo II :

Guardado en:
Otros Autores: Ledesma, Angela Ester, (vicedir.)
Formato: Libro
Idioma:Spanish
Publicado: Santa Fe : Rubinzal Culzoni, 2018.
Edición:1a. ed.
Materias:
Etiquetas: Agregar Etiqueta
Sin Etiquetas, Sea el primero en etiquetar este registro!
LEADER 00613nam a22001695a 4500
001 DER.der013820
008 190404s2018####ag#||||||||||||||#||spa||
005 20251031191529.0
245 1 0 |a Revista de Derecho Procesal Penal.  |b la verdad en el proceso penal /  |n Tomo II :  |c dirigido por Edgardo Alberto Donna y Ángela Ester Ledesma. 
250 |a 1a. ed. 
260 |a Santa Fe :  |b Rubinzal Culzoni,  |c 2018. 
300 |a 624 p. 
020 |a 9789873013522 
700 1 |a Donna, Edgardo Alberto,  |e dir. 
700 1 |a Ledesma, Angela Ester,  |e vicedir. 
650 7 |a DERECHO PROCESAL PENAL 
859 |a DERECHO  |b BIB. DERECHO  |h 345.05  |i REV  |p 008909